Statystyki dla Państwa należące do NATO.

Kliknij tutaj aby rozwiązać quiz!

Ogólne statystyki

  • Ten quiz został rozwiązany 395 razy
  • Średni wynik to 24 z 30

Statystyki odpowiedzi

HintOdpowiedź% Poprawnych
Od 1999polska
100%
Od 1955niemcy
97%
Od 1949usa
92%
Od 1949francja
91%
Od 1982hiszpania
91%
Od 2004litwa
87%
Od 1949wielka brytania
86%
Od 1949włochy
86%
Od 1999czechy
85%
Od 1949kanada
85%
Od 2004łotwa
85%
Od 2004słowacja
85%
Od 1949portugalia
84%
Od 1952grecja
82%
Od 1949norwegia
82%
Od 1949belgia
81%
Od 2004estonia
81%
Od 1949holandia
81%
Od 2009chorwacja
80%
Od 1949dania
77%
Od 1999węgry
76%
Od 2004rumunia
74%
Od 2004słowenia
74%
Od 1952turcja
71%
Od 2004bułgaria
70%
Od 1949islandia
65%
Od 2009albania
63%
Od 1949luksemburg
63%
Od 2020macedonia
59%
Od 2017czarnogóra
53%

Rozkład punktacji

Percentyl według liczby udzielonych odpowiedzi

Procent ludzi z każdym wynikiem

Twoja historia wyników

Nie rozwiązałeś tego quizu